| 000 | 00646nam a22002297a 4500 | ||
|---|---|---|---|
| 999 |
_c6659 _d6659 |
||
| 003 | GBCCL | ||
| 005 | 20241126110608.0 | ||
| 008 | 180523b ||||| |||| 00| 0 eng d | ||
| 020 | _a0903843382 | ||
| 040 | _cgbc | ||
| 082 |
_a266.0021 _bJOH |
||
| 100 |
_aJohnstone, P. J. _911901 |
||
| 245 |
_aOperation world: _ba handbook for world intercession / _cP. J. Johnstone |
||
| 250 |
_a3rd ed. _bReprinted |
||
| 260 |
_aBromley: _bSend the Light, _c1982 |
||
| 300 |
_a320 p.; _bmaps, _c22 cm. |
||
| 490 | _aSTL Books | ||
| 650 |
_aMission _xHandbooks, manuals, etc. _911902 |
||
| 650 |
_aGeography _91574 |
||
| 650 |
_aPrayer _9332 |
||
| 942 |
_2ddc _cBK |
||